| 000 | 00701nam a22002292 4500 | ||
|---|---|---|---|
| 001 | 30111 | ||
| 003 | BD-RjUL | ||
| 005 | 20211209051520.0 | ||
| 008 | 140408s19651958e 000 0 eng d | ||
| 035 |
_aOCLC ocm02497160 from D970422M _a(BD-RjUL)30196 |
||
| 040 |
_aMIU _cMIU _dUKM _dBD-RjUL _beng |
||
| 041 | _aeng | ||
| 082 | 0 | 4 |
_a160.76 _218 _bYOL 1965 |
| 090 |
_aBC108 _b.Y6 |
||
| 100 | 1 |
_aYoung, Roger William. _991553 |
|
| 245 | 1 | 0 |
_aLines of thought : _bexercises in reasoned thinking / _cby Roger William Young. |
| 260 |
_aLondon : _bOxford University Press, _c1965. |
||
| 300 |
_a140 p. : _bill. ; _c19 cm. |
||
| 504 | _aBibliographic references. | ||
| 650 | 0 |
_aLogic. _991554 |
|
| 942 |
_2ddc _cBK |
||
| 999 |
_c30111 _d30111 |
||